Auswirkungen der EC-Binnenmarkt Integration auf den Aussenhandel der Entwicklungsländer
Salvato in:
| Autore principale: | |
|---|---|
| Natura: | Libro |
| Lingua: | tedesco |
| Pubblicazione: |
Kiel
Institut für Weltwirtschaft
1989
|
| Edizione: | 1. Aufl. |
| Serie: | Kieler Arbeitspapier
Nr. 369 |
| Tags: |
Nessun Tag, puoi essere il primo ad aggiungerne!!
|
MARC
| LEADER | 00000nam a2200000 4500 | ||
|---|---|---|---|
| 001 | c031713 | ||
| 005 | 20221215124155.5 | ||
| 041 | 0 | |a ger | |
| 044 | |a DE | ||
| 245 | 1 | 0 | |a Auswirkungen der EC-Binnenmarkt |b Integration auf den Aussenhandel der Entwicklungsländer |c Rolf J. Langhammer |
| 250 | |a 1. Aufl. | ||
| 264 | 1 | |a Kiel |b Institut für Weltwirtschaft |c 1989 | |
| 300 | |a 39 s. | ||
| 490 | 1 | |a Kieler Arbeitspapier |v Nr. 369 | |
| 830 | 0 | |a Kieler Arbeitspapier |v Nr. 369 | |
| 100 | 1 | |a Langhammer, Rolf J. | |